Women workers and the politics of claims making: (Record no. 508000)

000 -LEADER
fixed length control field 00370nam a22001337a 4500
008 - FIXED-LENGTH DATA ELEMENTS--GENERAL INFORMATION
fixed length control field 190302b ||||| |||| 00| 0 eng d
100 ## - MAIN ENTRY--PERSONAL NAME
Personal name Kabeer, Naila
245 ## - TITLE STATEMENT
Title Women workers and the politics of claims making:
Remainder of title the local and the global
260 ## - PUBLICATION, DISTRIBUTION, ETC. (IMPRINT)
Date of publication, distribution, etc 2018
300 ## - PHYSICAL DESCRIPTION
Extent p.759-789.
773 ## - HOST ITEM ENTRY
Main entry heading Development and Change
906 ## - LOCAL DATA ELEMENT F, LDF (RLIN)
Subject DIP Women
942 ## - ADDED ENTRY ELEMENTS (KOHA)
Source of classification or shelving scheme
Item type Articles
Holdings
Withdrawn status Lost status Source of classification or shelving scheme Damaged status Not for loan Permanent location Current location Date acquired Serial Enumeration / chronology Barcode Date last seen Koha item type
          Indian Institute of Public Administration Indian Institute of Public Administration 2019-03-02 49(3), May, 2018: p.759-789. AR119127 2019-03-02 Articles

Powered by Koha